000 00301nam a2200157Ia 4500
100 _aRule/ Jeff
250 _a1
942 _cBK
654 _aComputer
245 _aDynamics HTML
260 _bAddison Wesly
_c1999
082 _a5.133
_bRUL
300 _a265
546 _aENGLISH
999 _c24023
_d24023